| 000 | 01795nam a22004577a 4500 | ||
|---|---|---|---|
| 001 | 000095390 | ||
| 003 | CHAP | ||
| 005 | 20220329143108.0 | ||
| 008 | 060313d2005 mx r 00110 spa d | ||
| 010 | _a91856 | ||
| 011 | _a92828 | ||
| 035 | _a103394 | ||
| 040 | _cCHAP | ||
| 090 | _aTesis | ||
| 100 | 1 |
_aMartínez Manríquez, Raúl. _972251 |
|
| 245 | 1 | 0 |
_aControl biológico del nematodo de la papa (Globodera rostochiensis (Woll, 128); Mulvey & Stone 1976, (Nematoda : Heteroderidae) en Villarreal, Municipio de Terrenate, Tlaxcala / _c/por Raúl Martínez Manríquez. |
| 260 |
_aChapingo, Méx. : _bEl autor, _c2005. |
||
| 300 |
_a65 h. : _bcuadros, + anexo. |
||
| 502 | _aTesis (Ing. Agr. Esp. en Parasitología Agrícola) - - UACH. Departamento de Parasitología Agrícola | ||
| 590 |
_aALEPH _b10 _c20130110 _lUCH01 _h1510 |
||
| 590 |
_aBATCH-UPD _b10 _c20130110 _lUCH01 _h0357 |
||
| 590 |
_aBATCH-UPD _b10 _c20130110 _lUCH01 _h1941 |
||
| 590 |
_aBATCH-UPD _b10 _c20130410 _lUCH01 _h0030 |
||
| 590 |
_aBATCH-UPD _b10 _c20130914 _lUCH01 _h1047 |
||
| 590 |
_aBATCH-UPD _b10 _c20140324 _lUCH01 _h1455 |
||
| 590 |
_aBATCH-UPD _b10 _c20141002 _lUCH01 _h0829 |
||
| 590 |
_aCONVERSION _b10 _c20130109 _lUCH01 _h1351 |
||
| 590 |
_aE12093SGE _b10 _c20130603 _lUCH01 _h1034 |
||
| 650 | 1 | 4 |
_aControl biológico de plagas. _927587 |
| 650 | 1 | 4 |
_aGlobodera rostochiensis. _948304 |
| 650 | 1 | 4 |
_aNemátodos. _980819 |
| 650 | 1 | 4 |
_aPapa _xEnfermedades por nemátodos. _985230 |
| 650 | 1 | 4 |
_aPapa _xTlaxcala. _985294 |
| 856 |
_3Finding aid _uhttp://10.13.5.2/tesis/103394.pdf _zTeclea aquí |
||
| 901 | _aBK | ||
| 905 | _aElisama A. H. | ||
| 942 | _cCD | ||
| 942 | _n0 | ||
| 949 |
_aTesis _bBC _cTES _d00000000103394 _eTS1 _h44829 _i103394 _sb |
||
| 949 |
_aTesis _bBC _cTES _d33724000969788 _eTS2 _fc.2 _h44830 _i103394 _sb |
||
| 999 |
_c91856 _d91856 |
||